00369nam a22001337a 450000500170000000800410001704100120005808200120007010000120008224500410009426000460013530000290018165000250021020240807133706.0240807b |||||||| |||| 00| 0 eng d aEnglish a349 SOU lEnglish aSouth African Law Reports: Transvaal aCape Town: bJuta and Company Ltd, c1916 bxiv, 139 pages;c25 cm.  aLegal practice bLaw